Statistiques concernant Culture Générale - Série 1494

Cliquez ici pour prendre le quiz!

Statistiques générales

  • Ce quiz a été pris 70 fois
  • Le résultat moyen est 5 sur 10

Statistiques - réponses

QuestionRéponse% Correct
Tout corps plongé dans un liquide subit une poussée verticale". Quel savant grec découvrit ce fameux principe ?Archimède
82%
En 1984, avec qui Peter interprète-t-il la chanson "Besoin de rien, envie de toi" ?Sloane
77%
De quelle région française, la charcuterie appelée : "figatellu", est-elle une spécialité ?Corse
69%
Dans "Les Aventures de Tintin", quel général portant le nom de la fécule du manioc est l'éternel rival du général Alcazar ?général Tapioca
60%
Aux Pays-Bas, quel est le prénom de la reine qui figure sur les pièces de 1 euro ?Beatrix
50%
Quel romain de Stephen King a pour véritable héroïne une Plymouth Fury Maléfique ?Christine
39%
Quel animateur de radio et télévision, décédé en 2017 et prénommé Jean Christophe, disait en zézeyant : "A vos cassettes"Jean Christophe Averty
37%
Qui remporta la bataille de Tolbiac en 496 ?Clovis
37%
En poésie, comment appelle-t-on la moitié d'un alexandrin, marquée par un repos ou une césure ?hémistiche
32%
Quel Breton, prénommé Jean, remporta le Tour de France cycliste en 1947 ?Jean Robic
23%

Distribution des résultats

Percentile par nombre de réponses

% des personnes avec chaque résultat

Votre développement - résultats

Vous n’avez pas pris ce quiz